Szczegóły MARC21

Wstęp do ekonomiki /

003 -Nazwa inst., której nr kontr. jest w polu 001 [,]
    • @
    • Nazwa instytucji, której n kontrolny jest w polu 001
    • NUKAT
005 -DATA I CZAS OSTATNIEJ MODYFIKACJI [,]
    • @
    • pole kontrolne
    • 20241231091507.0
020 -Międzynarod. znormalizowany nr książki - ISBN [ , ]
    • a
    • Numer ISBN
    • 8370634109 Find
040 -Instytucja sporządzająca opis [ , ]
    • a
    • Instytucja, która sporządziła opis (NP)
    • WR U/hp
    • c
    • Instytucja, która sporządziła rekord (NP)
    • WR U/hp
    • d
    • Instytucja, która zmodyfikowała rekord (P)
    • WR U/dl
    • d
    • Instytucja, która zmodyfikowała rekord (P)
    • KR U/MM
    • d
    • Instytucja, która zmodyfikowała rekord (P)
    • WA U/DNs
    • d
    • Instytucja, która zmodyfikowała rekord (P)
    • WR O/djas
942 -Rodzaj dokumentu [ , ]
    • c
    • Rodzaj dokumentu
    • Książka
100 -Hasło główne - nazwa osobowa [1, ]
    • a
    • Nazwa osobowa (NP)
    • Taylor, Edward
    • d
    • Daty biograficzne (NP)
    • (1884-1964).
    • 9
    • KHW
    • 254548
245 -Strefa tytułu i oznaczenia odpowiedzialności [1,0]
    • a
    • Tytuł
    • Wstęp do ekonomiki / Find
    • c
    • Pozostałe elementy strefy tytułu i oznaczenia odpowiedzialności (NP)
    • Edward Taylor ; przedm. opatrzył Wacław Wilczyński.
246 -Wariant tytułu [1,5]
    • a
    • Tytuł (NP)
    • Introduction to economics
260 -Strefa adresu wydawniczego [ , ]
    • a
    • Miejsce wydania (P)
    • Poznań :
    • b
    • Nazwa wydawcy (P)
    • Wydaw. Poznańskiego Towarzystwa Przyjaciół Nauk,
    • c
    • Data wydania (P)
    • 2004.
300 -Strefa opisu fizycznego [ , ]
    • a
    • Określenie formy książki i/lub objętość (NP)
    • XVI, 378, [1] s. ;
    • c
    • Format (NP)
    • 24 cm.
336 -Typ zawartości [ , ]
    • a
    • Termin opisujący typ zawartości
    • Tekst
    • b
    • Kod określający zawartość
    • txt
    • 2
    • Źródło (terminu i kodu)
    • rdacontent
337 -Typ mediów [ , ]
    • a
    • Tryb odtwarzania
    • Bez urządzenia pośredniczącego
    • b
    • Kod typu mediów
    • n
    • 2
    • Źródło (terminu i kodu)
    • rdamedia
338 -Typ/rodzaj nośnika [ , ]
    • a
    • Hasło opisujące typ nośnika
    • Wolumin
    • b
    • Kod typu nośnika
    • nc
    • 2
    • Źródło (terminu i kodu)
    • rdacarrier
490 -Strefa serii i książki wielotomowej - forma nie do wyszukiwania [1, ]
    • a
    • Tytuł (P)
    • Wznowienia / Poznańskie Towarzystwo Przyjaciół Nauk, we współpr. z Akademią Ekonomiczną w Poznaniu, Find
    • x
    • ISSN (NP)
    • 1425-1280 ;
    • v
    • Numeracja (P)
    • t. 21
830 -Hasło dodatkowe serii i opisu książki wielotomowej - tytuł ujednolicony/tytuł [ ,0]
    • a
    • Tytuł ujednolicony/tytuł (NP)
    • Wznowienia - Poznańskie Towarzystwo Przyjaciół Nauk
    • x
    • ISSN
    • 1425-1280
    • v
    • Oznaczenie tomu (NP)
    • t. 21
    • 9
    • KHW
    • 7409
504 -Uwaga dot. bibliogr. załącznikowej [ , ]
    • a
    • Uwaga dot. bibliografii załącznikowej
    • Indeks.
534 -Uwaga dot. podstawy reprodukcji [ , ]
    • p
    • Określenie wprowadzające
    • Reprint, oryg.:
    • b
    • Oznaczenie wydania oryginału
    • Wyd. 2.
    • c
    • Adres wydawniczy oryginału
    • Gdynia : Spółdzielnia Wydawnicza "Żeglarz", 1947.
546 -Uwaga dot. języka [ , ]
    • a
    • Uwaga dot. języka
    • Druga s. tyt. ang.
546 -Uwaga dot. języka [ , ]
    • a
    • Uwaga dot. języka
    • Wstęp także ang.
080 -Uniwersalna Klasyfikacja Dziesiętna [ , ]
    • 2
    • Identyfikator wydania tablic
    • UDC-P058
    • 9
    • UKD
    • 2943
    • a
    • Symbol klasyfikacji
    • 330
    • b
    • Dopowiedzenie
    • Nauki ekonomiczne w ogólności. Ekonomia polityczna.
650 -Hasło przedmiotowe [ ,7]
    • a
    • Hasło przedmiotowe
    • Ekonomia.
    • 2
    • Źródło terminu
    • kaba
    • 9
    • KHW
    • 107454
980 -Symbol UKD [ , ]
    • a
    • UKD
    • 330
700 -Hasło dodatkowe - nazwa osobowa [1, ]
    • a
    • Nazwa osobowa (NP)
    • Wilczyński, Wacław Find
    • d
    • Daty biograficzne (NP)
    • (1923-2008).
    • e
    • Określenie rodzaju współpracy
    • Przedm.
    • 9
    • KHW
    • 96448
710 -Hasło dodatkowe - nazwa ciała zbiorowego [2, ]
    • a
    • Nazwa ciała zbiorowego lub nazwa geograficzna jako pierwszy element (NP)
    • Poznańskie Towarzystwo Przyjaciół Nauk.
    • b
    • Nazwa jednostki podrzędnej (P)
    • Wydawnictwo.
    • 4
    • Kod relacji
    • pbl
    • 9
    • KHW
    • 61250
920 -ISBN [ , ]
    • a
    • ISBN
    • 83-7063-410-9 Find
Status udost. Sygnatura Numer inwentarzowy Lokalizacja Data inwentaryzacji
-333GW.7830GW2016-05-16
-2T.19911T.19911T2017-12-07
-2TM.14431TM.14431T2019-01-30